Deutsche Musiker nach Buchstabe - F - Statistiken

Allgemein
  • Dieses Quiz wurde 214 mal gespielt
  • Das Durchschnittsergebnis liegt bei 8 aus 20
Antwortstatistiken
Aktive Jahre Songs Antwort % Korrekt
2005- Atemlos durch die Nacht | Vamos a marte Fischer, Helene
92%
2008- Haus am See | Zukunft Pink Fox, Peter
89%
2012- Au revoir | Chöre Forster, Mark
87%
1989- MfG – Mit freundlichen Grüßen | Die da?!?! Fantastischen Vier, die
84%
1992–2023 Jein | Emanuela Fettes Brot
70%
1964-2011 Wir sagen danke schön | Die rote Sonne von Barbados Flippers, die
69%
1991- Lemon Tree | Save The World Tomorrow Fools Garden
60%
2014- Abfahrt | Onkelz Poster Finch
40%
1996- Die Eine 2005 | Kap der guten Hoffnung Firma, die
35%
1951-1967 Zwei kleine Italiener | Pack die Badehose ein Froboess, Conny
27%
2007- Liebe ist meine Religion | Wovon sollen wir träumen Frida Gold
25%
1978- Axel F | Top Gun Anthem Faltermeyer, Harold
24%
1996–2007 A-N-N-A | Esperanto Freundeskreis
22%
1961-1994 Rocky | Spring über deinen Schatten, Tommy Farian, Frank
18%
1987–2008, 2017- Time To Wonder | Won't Forget These Days Fury In The Slaughterhouse
16%
1984- Flames Of Love | Slice Me Nice Fancy
12%
1999- Federkleid | Tanz mit mir Faun
7%
1999-2009 My Heart Goes Boom (La Di Da Da) | Sexy French Affair
7%
1997- Darling | Bonnie & Clyde Fantasy
5%
1998-2012, 2017- Toca’s Miracle | Everytime You Need Me Fragma
2%
Keine übereinstimmenden Quizze gefunden
Verteilung der Resultate
Anzahl Personen mit jedem Resultat
Perzentil nach korrekt beantworteten Fragen
Ihre Resultats-Entwicklung
Sie haben dieses Quiz noch nicht gespielt